<?xml version="1.0" encoding="UTF-8"?>
<record
    xmlns:xsi="http://www.w3.org/2001/XMLSchema-instance"
    xsi:schemaLocation="http://www.loc.gov/MARC21/slim http://www.loc.gov/standards/marcxml/schema/MARC21slim.xsd"
    xmlns="http://www.loc.gov/MARC21/slim">

  <leader>00582nam a22002177a 4500</leader>
  <controlfield tag="005">20250920114527.0</controlfield>
  <controlfield tag="008">250920b        |||||||| |||| 00| 0 eng d</controlfield>
  <datafield tag="020" ind1=" " ind2=" ">
    <subfield code="a">9789349015388</subfield>
  </datafield>
  <datafield tag="040" ind1=" " ind2=" ">
    <subfield code="c">AL</subfield>
  </datafield>
  <datafield tag="041" ind1=" " ind2=" ">
    <subfield code="a">English</subfield>
  </datafield>
  <datafield tag="082" ind1=" " ind2=" ">
    <subfield code="a">348.023054</subfield>
    <subfield code="b">RATB</subfield>
  </datafield>
  <datafield tag="100" ind1=" " ind2=" ">
    <subfield code="a">Ratanlal</subfield>
    <subfield code="9">239877</subfield>
  </datafield>
  <datafield tag="245" ind1=" " ind2=" ">
    <subfield code="a">Bharatiya Nyaya Sanhita 2023</subfield>
  </datafield>
  <datafield tag="250" ind1=" " ind2=" ">
    <subfield code="a">37.</subfield>
  </datafield>
  <datafield tag="260" ind1=" " ind2=" ">
    <subfield code="a">Gurgaon</subfield>
    <subfield code="b">LexisNexis</subfield>
    <subfield code="c">2025</subfield>
  </datafield>
  <datafield tag="300" ind1=" " ind2=" ">
    <subfield code="a">cccvii,1121p.</subfield>
    <subfield code="b">PB</subfield>
    <subfield code="c">24x16cm.</subfield>
  </datafield>
  <datafield tag="365" ind1=" " ind2=" ">
    <subfield code="a">660</subfield>
    <subfield code="b">&#x20B9;1121.25</subfield>
    <subfield code="c">&#x20B9;</subfield>
    <subfield code="d">&#x20B9;1495.00</subfield>
    <subfield code="e">25%</subfield>
    <subfield code="f">18-09-2025</subfield>
  </datafield>
  <datafield tag="650" ind1=" " ind2=" ">
    <subfield code="a">Law</subfield>
    <subfield code="9">239878</subfield>
  </datafield>
  <datafield tag="700" ind1=" " ind2=" ">
    <subfield code="a"> Dhirajlal</subfield>
    <subfield code="9">239879</subfield>
  </datafield>
  <datafield tag="942" ind1=" " ind2=" ">
    <subfield code="2">ddc</subfield>
    <subfield code="c">BK</subfield>
  </datafield>
  <datafield tag="999" ind1=" " ind2=" ">
    <subfield code="c">240475</subfield>
    <subfield code="d">240475</subfield>
  </datafield>
  <datafield tag="952" ind1=" " ind2=" ">
    <subfield code="0">0</subfield>
    <subfield code="1">0</subfield>
    <subfield code="2">ddc</subfield>
    <subfield code="4">0</subfield>
    <subfield code="7">0</subfield>
    <subfield code="8">Law</subfield>
    <subfield code="a">LL</subfield>
    <subfield code="b">LL</subfield>
    <subfield code="d">2025-09-20</subfield>
    <subfield code="e">MPP House Bengaluru -560009</subfield>
    <subfield code="g">1121.25</subfield>
    <subfield code="l">3</subfield>
    <subfield code="m">2</subfield>
    <subfield code="o">348.023054 RATB</subfield>
    <subfield code="p">LL002499</subfield>
    <subfield code="r">2026-05-05 11:27:04</subfield>
    <subfield code="s">2026-04-15</subfield>
    <subfield code="v">1495.00</subfield>
    <subfield code="w">2025-09-18</subfield>
    <subfield code="y">BK</subfield>
  </datafield>
  <datafield tag="952" ind1=" " ind2=" ">
    <subfield code="0">0</subfield>
    <subfield code="1">0</subfield>
    <subfield code="2">ddc</subfield>
    <subfield code="4">0</subfield>
    <subfield code="7">0</subfield>
    <subfield code="8">Law</subfield>
    <subfield code="a">LL</subfield>
    <subfield code="b">LL</subfield>
    <subfield code="d">2025-09-20</subfield>
    <subfield code="e">MPP House Bengaluru -560009</subfield>
    <subfield code="g">1121.25</subfield>
    <subfield code="l">0</subfield>
    <subfield code="o">348.023054 RATB</subfield>
    <subfield code="p">LL002500</subfield>
    <subfield code="r">2025-09-20 11:54:20</subfield>
    <subfield code="v">1495.00</subfield>
    <subfield code="w">2025-09-18</subfield>
    <subfield code="y">BK</subfield>
  </datafield>
  <datafield tag="952" ind1=" " ind2=" ">
    <subfield code="0">0</subfield>
    <subfield code="1">0</subfield>
    <subfield code="2">ddc</subfield>
    <subfield code="4">0</subfield>
    <subfield code="7">0</subfield>
    <subfield code="8">Law</subfield>
    <subfield code="a">LL</subfield>
    <subfield code="b">LL</subfield>
    <subfield code="d">2025-09-20</subfield>
    <subfield code="e">MPP House Bengaluru -560009</subfield>
    <subfield code="g">1121.25</subfield>
    <subfield code="l">0</subfield>
    <subfield code="o">348.023054 RATB</subfield>
    <subfield code="p">LL002501</subfield>
    <subfield code="r">2025-09-20 11:54:20</subfield>
    <subfield code="v">1495.00</subfield>
    <subfield code="w">2025-09-18</subfield>
    <subfield code="y">BK</subfield>
  </datafield>
  <datafield tag="952" ind1=" " ind2=" ">
    <subfield code="0">0</subfield>
    <subfield code="1">0</subfield>
    <subfield code="2">ddc</subfield>
    <subfield code="4">0</subfield>
    <subfield code="7">0</subfield>
    <subfield code="8">Law</subfield>
    <subfield code="a">LL</subfield>
    <subfield code="b">LL</subfield>
    <subfield code="d">2025-09-20</subfield>
    <subfield code="e">MPP House Bengaluru -560009</subfield>
    <subfield code="g">1121.25</subfield>
    <subfield code="l">0</subfield>
    <subfield code="o">348.023054 RATB</subfield>
    <subfield code="p">LL002502</subfield>
    <subfield code="r">2025-09-20 11:54:20</subfield>
    <subfield code="v">1495.00</subfield>
    <subfield code="w">2025-09-18</subfield>
    <subfield code="y">BK</subfield>
  </datafield>
  <datafield tag="952" ind1=" " ind2=" ">
    <subfield code="0">0</subfield>
    <subfield code="1">0</subfield>
    <subfield code="2">ddc</subfield>
    <subfield code="4">0</subfield>
    <subfield code="7">0</subfield>
    <subfield code="8">Law</subfield>
    <subfield code="a">LL</subfield>
    <subfield code="b">LL</subfield>
    <subfield code="d">2025-09-20</subfield>
    <subfield code="e">MPP House Bengaluru -560009</subfield>
    <subfield code="g">1121.25</subfield>
    <subfield code="l">0</subfield>
    <subfield code="o">348.023054 RATB</subfield>
    <subfield code="p">LL002503</subfield>
    <subfield code="r">2025-09-20 11:54:20</subfield>
    <subfield code="v">1495.00</subfield>
    <subfield code="w">2025-09-18</subfield>
    <subfield code="y">BK</subfield>
  </datafield>
  <datafield tag="952" ind1=" " ind2=" ">
    <subfield code="0">0</subfield>
    <subfield code="1">0</subfield>
    <subfield code="2">ddc</subfield>
    <subfield code="4">0</subfield>
    <subfield code="7">0</subfield>
    <subfield code="8">Law</subfield>
    <subfield code="a">LL</subfield>
    <subfield code="b">LL</subfield>
    <subfield code="d">2025-09-20</subfield>
    <subfield code="e">MPP House Bengaluru -560009</subfield>
    <subfield code="g">1121.25</subfield>
    <subfield code="l">0</subfield>
    <subfield code="o">348.023054 RATB</subfield>
    <subfield code="p">LL002504</subfield>
    <subfield code="r">2025-09-20 11:54:20</subfield>
    <subfield code="v">1495.00</subfield>
    <subfield code="w">2025-09-18</subfield>
    <subfield code="y">BK</subfield>
  </datafield>
  <datafield tag="952" ind1=" " ind2=" ">
    <subfield code="0">0</subfield>
    <subfield code="1">0</subfield>
    <subfield code="2">ddc</subfield>
    <subfield code="4">0</subfield>
    <subfield code="7">0</subfield>
    <subfield code="8">Law</subfield>
    <subfield code="a">LL</subfield>
    <subfield code="b">LL</subfield>
    <subfield code="d">2025-09-20</subfield>
    <subfield code="e">MPP House Bengaluru -560009</subfield>
    <subfield code="g">1121.25</subfield>
    <subfield code="l">0</subfield>
    <subfield code="o">348.023054 RATB</subfield>
    <subfield code="p">LL002505</subfield>
    <subfield code="r">2025-09-20 11:54:20</subfield>
    <subfield code="v">1495.00</subfield>
    <subfield code="w">2025-09-18</subfield>
    <subfield code="y">BK</subfield>
  </datafield>
  <datafield tag="952" ind1=" " ind2=" ">
    <subfield code="0">0</subfield>
    <subfield code="1">0</subfield>
    <subfield code="2">ddc</subfield>
    <subfield code="4">0</subfield>
    <subfield code="7">0</subfield>
    <subfield code="8">Law</subfield>
    <subfield code="a">LL</subfield>
    <subfield code="b">LL</subfield>
    <subfield code="d">2025-09-20</subfield>
    <subfield code="e">MPP House Bengaluru -560009</subfield>
    <subfield code="g">1121.25</subfield>
    <subfield code="l">0</subfield>
    <subfield code="o">348.023054 RATB</subfield>
    <subfield code="p">LL002506</subfield>
    <subfield code="r">2025-09-20 11:54:20</subfield>
    <subfield code="v">1495.00</subfield>
    <subfield code="w">2025-09-18</subfield>
    <subfield code="y">BK</subfield>
  </datafield>
  <datafield tag="952" ind1=" " ind2=" ">
    <subfield code="0">0</subfield>
    <subfield code="1">0</subfield>
    <subfield code="2">ddc</subfield>
    <subfield code="4">0</subfield>
    <subfield code="7">0</subfield>
    <subfield code="8">Law</subfield>
    <subfield code="a">LL</subfield>
    <subfield code="b">LL</subfield>
    <subfield code="d">2025-09-20</subfield>
    <subfield code="e">MPP House Bengaluru -560009</subfield>
    <subfield code="g">1121.25</subfield>
    <subfield code="l">0</subfield>
    <subfield code="o">348.023054 RATB</subfield>
    <subfield code="p">LL002507</subfield>
    <subfield code="r">2025-09-20 11:54:20</subfield>
    <subfield code="v">1495.00</subfield>
    <subfield code="w">2025-09-18</subfield>
    <subfield code="y">BK</subfield>
  </datafield>
  <datafield tag="952" ind1=" " ind2=" ">
    <subfield code="0">0</subfield>
    <subfield code="1">0</subfield>
    <subfield code="2">ddc</subfield>
    <subfield code="4">0</subfield>
    <subfield code="7">0</subfield>
    <subfield code="8">Law</subfield>
    <subfield code="a">LL</subfield>
    <subfield code="b">LL</subfield>
    <subfield code="d">2025-09-20</subfield>
    <subfield code="e">MPP House Bengaluru -560009</subfield>
    <subfield code="g">1121.25</subfield>
    <subfield code="l">2</subfield>
    <subfield code="o">348.023054 RATB</subfield>
    <subfield code="p">LL002508</subfield>
    <subfield code="r">2026-03-21 09:50:38</subfield>
    <subfield code="s">2026-03-14</subfield>
    <subfield code="v">1495.00</subfield>
    <subfield code="w">2025-09-18</subfield>
    <subfield code="y">BK</subfield>
  </datafield>
  <datafield tag="952" ind1=" " ind2=" ">
    <subfield code="0">0</subfield>
    <subfield code="1">0</subfield>
    <subfield code="2">ddc</subfield>
    <subfield code="4">0</subfield>
    <subfield code="7">0</subfield>
    <subfield code="8">Law</subfield>
    <subfield code="a">LL</subfield>
    <subfield code="b">LL</subfield>
    <subfield code="d">2026-04-18</subfield>
    <subfield code="e">MPP House Bengaluru -560009</subfield>
    <subfield code="g">1121.25</subfield>
    <subfield code="l">0</subfield>
    <subfield code="o">348.023054 RATB</subfield>
    <subfield code="p">LL002646</subfield>
    <subfield code="r">2026-04-21 16:17:37</subfield>
    <subfield code="v">1495.00</subfield>
    <subfield code="w">2026-03-14</subfield>
    <subfield code="y">BK</subfield>
  </datafield>
  <datafield tag="952" ind1=" " ind2=" ">
    <subfield code="0">0</subfield>
    <subfield code="1">0</subfield>
    <subfield code="2">ddc</subfield>
    <subfield code="4">0</subfield>
    <subfield code="7">0</subfield>
    <subfield code="8">Law</subfield>
    <subfield code="a">LL</subfield>
    <subfield code="b">LL</subfield>
    <subfield code="d">2026-04-18</subfield>
    <subfield code="e">MPP House Bengaluru -560009</subfield>
    <subfield code="g">1121.25</subfield>
    <subfield code="l">0</subfield>
    <subfield code="o">348.023054 RATB</subfield>
    <subfield code="p">LL002647</subfield>
    <subfield code="r">2026-04-21 16:17:37</subfield>
    <subfield code="v">1495.00</subfield>
    <subfield code="w">2026-03-14</subfield>
    <subfield code="y">BK</subfield>
  </datafield>
  <datafield tag="952" ind1=" " ind2=" ">
    <subfield code="0">0</subfield>
    <subfield code="1">0</subfield>
    <subfield code="2">ddc</subfield>
    <subfield code="4">0</subfield>
    <subfield code="7">0</subfield>
    <subfield code="8">Law</subfield>
    <subfield code="a">LL</subfield>
    <subfield code="b">LL</subfield>
    <subfield code="d">2026-04-18</subfield>
    <subfield code="e">MPP House Bengaluru -560009</subfield>
    <subfield code="g">1121.25</subfield>
    <subfield code="l">0</subfield>
    <subfield code="o">348.023054 RATB</subfield>
    <subfield code="p">LL002648</subfield>
    <subfield code="r">2026-04-21 16:17:37</subfield>
    <subfield code="v">1495.00</subfield>
    <subfield code="w">2026-03-14</subfield>
    <subfield code="y">BK</subfield>
  </datafield>
</record>
